|
|
|
|
| LEADER |
00000nam0a2200000 4500 |
| 001 |
370509 |
| 005 |
20231102012304.0 |
| 035 |
|
|
|a (RuTPU)RU\TPU\retro\27918
|
| 090 |
|
|
|a 370509
|
| 100 |
|
|
|a 20220707d1978 km y0rusy50 ca
|
| 101 |
0 |
|
|a rus
|
| 102 |
|
|
|a RU
|
| 105 |
|
|
|a a z 001zy
|
| 200 |
1 |
|
|a Проектирование систем ручного управления космических кораблей
|f под ред. В. А. Климова
|
| 210 |
|
|
|a Москва
|c Машиностроение
|d 1978
|
| 215 |
|
|
|a 144 с.
|c ил.
|
| 320 |
|
|
|a Библиогр.: с. 141-142
|
| 606 |
1 |
|
|a Космические летательные аппараты
|x Управление
|2 stltpush
|3 (RuTPU)RU\TPU\subj\15836
|9 42043
|
| 610 |
1 |
|
|a ручные способы
|
| 610 |
1 |
|
|a проектирование
|
| 610 |
1 |
|
|a особенности
|
| 610 |
1 |
|
|a ручные системы
|
| 610 |
1 |
|
|a моделирование
|
| 610 |
1 |
|
|a операторы
|
| 610 |
1 |
|
|a статистические факторные модели
|
| 610 |
1 |
|
|a сепаратные уравнения
|
| 610 |
1 |
|
|a переходные процессы
|
| 610 |
1 |
|
|a пролонгации
|
| 610 |
1 |
|
|a моделирующий стенд
|
| 675 |
|
|
|a 629.782.05
|v 4
|
| 702 |
|
1 |
|a Климов
|b В. А.
|g Виктор Александрович
|4 340
|
| 801 |
|
1 |
|a RU
|b 63413507
|c 20220707
|
| 942 |
|
|
|c BK
|